000 00260nam a2200109Ia 4500
008 231129s9999||||xx |||||||||||||| ||spa||
040 _bspa
082 _a353.9 R432
245 0 _aResena del Gobierno de los Estados Unidos
264 _as.n.]
942 _2ddc
_cBKS
999 _c24008
_d24008